[Event "HUN-chT2 Charousek 0910"]
[Site "Hungary"]
[Date "2010.03.21"]
[Round "8"]
[White "Kercsmarics, Jozsef"]
[Black "Bene, Zoltan"]
[Result "0-1"]
[WhiteElo "2035"]
[BlackElo "2232"]
[PlyCount "60"]
[EventDate "2009.11.08"]
[EventType "team-tourn"]
[EventRounds "11"]
[EventCountry "HUN"]
[SourceTitle "EXT 2011"]
[Source "ChessBase"]
[SourceDate "2010.11.26"]
[SourceVersion "1"]
[SourceVersionDate "2010.11.26"]
[SourceQuality "1"]
[WhiteTeam "Aquaprofit II"]
[BlackTeam "Pannonpower"]
[WhiteTeamCountry "HUN"]
[BlackTeamCountry "HUN"]

1. e4 c5 2. Nf3 Nc6 3. d4 cxd4 4. Nxd4 e5 5. Nb3 Nf6 6. Bd3 d5 7. exd5 Nxd5 8. 0-0 Be7 9. Qe2 Be6 10. Nc3 Nxc3 11. bxc3 0-0 12. f4 Bf6 13. Qe4 g6 14. f5 Bd5 15. Qg4 e4 16. Bxe4 h5 17. Qf3 Ne5 18. Qe3 Ng4 19. Qd3 Bxe4 20. Qxe4 Bxc3 21. Ba3 Qc7 22. g3 Rfe8 23. Qf3 Re3 24. Qd5 Rd8 25. Qg2 Bxa1 26. Rxa1 Rxb3 27. cxb3 Qb6+ 28. Kh1 Nf2+ 29. Kg1 Rd2 30. Qf3 Ng4+ 0-1

[Event "HUN-chT2 Asztalos 0910"]
[Site "Hungary"]
[Date "2010.01.31"]
[Round "5"]
[White "Bene, Zoltan"]
[Black "Ivan, Zoltan"]
[Result "1-0"]
[WhiteElo "2199"]
[BlackElo "2220"]
[PlyCount "133"]
[EventDate "2009.11.08"]
[EventType "team-tourn"]
[EventRounds "11"]
[EventCountry "HUN"]
[SourceTitle "EXT 2011"]
[Source "ChessBase"]
[SourceDate "2010.11.26"]
[SourceVersion "1"]
[SourceVersionDate "2010.11.26"]
[SourceQuality "1"]
[WhiteTeam "Pannonpower II"]
[BlackTeam "Komlo"]
[WhiteTeamCountry "HUN"]
[BlackTeamCountry "HUN"]

1. e4 d5 2. exd5 Nf6 3. Bb5+ Nbd7 4. c4 g6 5. Nc3 Bg7 6. d4 0-0 7. Bxd7 Qxd7 8. Nge2 b5 9. Nxb5 Nxd5 10. Na3 Nb6 11. 0-0 Rd8 12. Be3 Bb7 13. Qc2 Qg4 14. f3 Qe6 15. Bf2 Ba6 16. b3 Nd5 17. Rfe1 Nf6 18. Rad1 Qd7 19. Nb1 Bb7 20. Nbc3 e6 21. Nf4 Qd6 22. Bg3 Qb6 23. c5 Qb4 24. Bf2 Nd5 25. Ncxd5 Bxd5 26. Nd3 Qa5 27. Re2 Rac8 28. Be3 Bc6 29. Nf2 Bb5 30. Red2 Bc6 31. Ne4 Rd5 32. Nc3 Rd7 33. Qb2 Qb4 34. a3 Qb7 35. b4 a6 36. a4 Rb8 37. Rb1 Qc8 38. Qb3 Qd8 39. Qc4 a5 40. b5 Bd5 41. Qe2 Qh4 42. g3 Qh5 43. Kg2 Qf5 44. Rbb2 g5 45. Nxd5 Qxd5 46. h3 h5 47. b6 cxb6 48. Rb5 g4 49. cxb6 gxh3+ 50. Kxh3 Qc6 51. Rc2 Qd6 52. Bf4 e5 53. dxe5 Qe6+ 54. Kg2 Rdb7 55. Be3 h4 56. Qc4 Qg6 57. g4 Bh6 58. Bf2 Bg5 59. e6 fxe6 60. Rxg5 Qxg5 61. Qxe6+ Rf7 62. Rc7 Rbf8 63. b7 Qf4 64. Qg6+ Kh8 65. Rxf7 Rxf7 66. b8Q+ Qxb8 67. Bd4+ 1-0

[Event "HUN-chT2 Asztalos 0910"]
[Site "Hungary"]
[Date "2009.12.06"]
[Round "3"]
[White "Bene, Zoltan"]
[Black "Katona, Ferenc"]
[Result "1-0"]
[WhiteElo "2199"]
[BlackElo "2210"]
[PlyCount "77"]
[EventDate "2009.11.08"]
[EventType "team-tourn"]
[EventRounds "11"]
[EventCountry "HUN"]
[SourceTitle "EXT 2011"]
[Source "ChessBase"]
[SourceDate "2010.11.26"]
[SourceVersion "1"]
[SourceVersionDate "2010.11.26"]
[SourceQuality "1"]
[WhiteTeam "Pannonpower II"]
[BlackTeam "Dunaujvaros"]
[WhiteTeamCountry "HUN"]
[BlackTeamCountry "HUN"]

1. e4 e5 2. Nf3 Nf6 3. d4 Nxe4 4. dxe5 d5 5. Nbd2 Nxd2 6. Qxd2 Be6 7. Qf4 Be7 8. Qg3 g6 9. Bh6 c6 10. Nd4 Qb6 11. 0-0-0 Na6 12. Nxe6 fxe6 13. Qh3 Nc7 14. Bg7 Rg8 15. Qxh7 0-0-0 16. Bd3 Qxf2 17. Rhf1 Qh4 18. Qxh4 Bxh4 19. Bf6 Bxf6 20. exf6 Rdf8 21. Rde1 Kd7 22. Re5 g5 23. Bh7 Rh8 24. Bg6 Rxh2 25. Rxg5 Rh6 26. g4 Kd6 27. f7 e5 28. Bh5 Ne6 29. Rg8 Ke7 30. Rf5 e4 31. Re5 Rxf7 32. Bxf7 Kxf7 33. Rb8 Rh1+ 34. Kd2 Rh2+ 35. Kc3 d4+ 36. Kb3 e3 37. g5 d3 38. Rxb7+ Kf8 39. Rxe6 1-0

[Event "HUN-chT2 Toth 0809"]
[Site "Hungary"]
[Date "2009.03.08"]
[Round "9.8"]
[White "Fodor, Istvan2222"]
[Black "Bene, Zoltan"]
[Result "1-0"]
[WhiteElo "2039"]
[BlackElo "1833"]
[PlyCount "41"]
[EventDate "2008.10.26"]
[EventType "team-tourn"]
[EventRounds "11"]
[EventCountry "HUN"]
[SourceTitle "EXT 2010"]
[Source "ChessBase"]
[SourceDate "2010.11.25"]
[SourceVersion "1"]
[SourceVersionDate "2010.11.25"]
[SourceQuality "1"]
[WhiteTeam "Karcag"]
[BlackTeam "Vasarhelyi"]
[WhiteTeamCountry "HUN"]
[BlackTeamCountry "HUN"]

1. d4 d5 2. c4 dxc4 3. e3 Nf6 4. Bxc4 e6 5. Nc3 Bb4 6. Nf3 a6 7. 0-0 Nbd7 8. Re1 b5 9. Bd3 c5 10. a4 c4 11. Be2 Bb7 12. axb5 Bxc3 13. bxc3 axb5 14. Ba3 Ne4 15. Qc2 Ndf6 16. Qb2 Ba6 17. Ne5 Nd5 18. Rec1 f6 19. Qb1 Nexc3 20. Bh5+ g6 21. Qxg6+ 1-0